00407nam a2200193Ia 4500003000900000008004100009040001300050040001300063041000800076100001600084245002600100250001100126260001400137260000900151300001100160300001000171490002300181490000900204IT-RoPAU120407s9999 xx 000 0 und d aIT-RoPAU cIT-RoPAU aita aJean Vanier aLa sfida dell’Arca. aMilano aJaca Book c1984 a186 p. c23 cm aGià e non ancora v1113